01211nam a22001217a 4500008004100000082001600041100005400057245006900111300001600180505071900196650012000915700005401035150430b xxu||||| |||| 00| 0 eng d a720bC 764c aConstructing Paradise Reader on Nature & Culture  aConstructing Paradise Reader on Nature & Culture (compilación) a200 pbill. t"Biophilia and the Conservation Ethic"rE.O. Wilsont "The Biological Basis por Human Values of Nature"rS.R. Kellert.tAesthetics and the Environment. The appreciation of nature, art and architecture.rA. Carlson. t"The Development of Culture" rA. Van der Staay, t"Architecture and City in the Caribbean: The Reinvention of Paradise"rR. Segre t"Designing and Building in the Tropics"rB. Stagno t "Architectural Responses in Tropical India"rR. Mehrotrat"Architecture for a Latitude"r B. Stagno t "Bruno Stagno and Architectural Biodiversity"rA. Tzonis and L. Lefaivret"Paintings of Mustang by Robert Powell"rR. Vitaly t "A Fusion of Nature and Culture in Desing"rA. Badshah, N. ArdalantSupersudaca xArquitecturaxAntología (compilación)xEticaxEsteticaxCulturaxArquitectura caribeñaxArquitectura tropical aConstructing Paradise Reader on Nature & Culture